000 00723nam a2200205 a 4500
001 000036355
005 20200930075703.0
008 120113s1971 sp 000 0 spa d
040 _aDO-SdBNP
_bspa
_cBNPHU
082 _axxx
_bC198a
100 1 _aCampos Venuti, G.
_962538
245 1 3 _aLa administración del urbanismo /
_cG. Campos Venuti ; traducción de Jaime Soler Llusá y Manuel Torres Capell.
260 _aBarcelona :
_bGustavo Gili,
_c1971.
300 _a250 p. ;
_cxii, 24 cm.
490 1 _aCiencia urbanística
_v5
590 _aInventariado, 2019 /LP
700 1 _aSoler Llusá, Jaime,
_etraducción
_962539
700 1 _aTorres Capell, Manuel,
_etraducción
_962540
830 0 _aCiencia urbanística
_n5
_962541
999 _c35846
_d35846